• 首页
  • 本馆介绍
  • 公告通知
  • 最新文献
  • 馆藏检索
  • 电子资源
  • 读者荐购
  • 参考咨询
  • CALIS
  • 我的图书馆
  • 登录
  • 详细信息显示
  • 放入我的书架
  • 预约/预借图书
  • 作者相关作品
  • 分类相关作品
  • 丛书相关作品
  • 出版社相关作品

书目信息

  • 表格格式
  • 工作单格式
  • 卡片格式
题名:
Streamlit实战指南
    
 
作者: 理查德斯 著 ;殷海英 , 刘志红 , 黄继敏 译
分册:  
出版信息: 北京   电子工业出版社  2024.08
页数: XXI, 261页
开本: 24cm
丛书名: 人工智能与大数据系列
单 册:
中图分类: TP312PY
科图分类:
主题词: 程序语言--cheng xu yu yan--程序设计
电子资源:
ISBN: 978-7-121-48452-0
 
 
 
 
 
000 02728nam 2200361 450
001 93046
005 20250818180957.45
010    @a978-7-121-48452-0@dCNY148.00
099    @aCAL 012024100959
100    @a20241008d2024 em y0chiy50 ea
101 1  @achi@ceng
102    @aCN@b110000
105    @aa z 000yy
106    @ar
200 1  @aStreamlit实战指南@AStreamlit shi zhan zhi nan@e使用Python创建交互式数据应用@f(澳) 泰勒·理查德斯著@g殷海英, 刘志红, 黄继敏译
210    @a北京@c电子工业出版社@d2024.08
215    @aXXI, 261页@c图@d24cm
225 2  @a人工智能与大数据系列@Aren gong zhi neng yu da shu ju xi lie
312    @a原文题名取自封面
314    @a泰勒·理查德斯 (Tyler Richards), 是Snowflake公司的一名数据科学家, 专注于与Streamlit相关的项目。他于2022年春季通过Streamlit的收购加入Snowflake。加入Snowflake之前, 他在Facebook (Meta) 负责完整性评估, 并协助非营利组织Protect Democracy推进美国选举。殷海英, 硕士研究生导师, 研究方向: 数据科学、机器视觉、人工智能等, 前OCM考官。从事数据库及数据科学教学18年, 为中国、美国等国家和地区的大学、企业培训累计超过2万学时, 出版机器学习、人工智能、云计算方向的著作及译作十余本。刘志红, 主要从事人工智能、现代软件工程、云计算技术及数据科学等前沿交叉研究。元培工匠高级智库客座教授, 河北东方学院人工智能学院特聘教授。曾在Oracle、NTT DATA、中国电信云计算公司等多家世界500强企业从事研发工作。黄继敏, 北京航空航天大学硕士, 20年I从业经验, 外企公司云计算事业部负责人。先后负责过航空公司、啤酒饮料公司等多个大型项目的系统设计、研发工作, 熟悉AWS、Microsoft Azure、阿里云等公有服务, 对系统上云迁移, 以及云上解决方案有丰富的经验。
330    @a本书由一个富有创造力的Streamlit用户编写, 他在第一版发布后就一直使用该技术, 本选题建立在前一版的实用性基础上, 带来大量的更新, 包括将Streamlit连接到Snowflake数据仓库, 部署在HuggingFace上, 以及在GitHub上提供完全更新的代码库, 通过这些内容可以帮助读者练习新发布的技能。读者将从Streamlit的基础知识开始Streamlit的学习, 并通过使用机器学习模型和制作高质量的交互式应用程序逐渐熟悉Streamlit的使用技巧。本书通过实际示例帮读者掌握许多更具挑战性的主题, 如Streamlit组件、美化应用程序和快速部署。通过本书, 读者将能够轻松快速地在Streamlit中创建动态web应用程序。
410  0 @12001 @a人工智能与大数据系列
500 10 @aStreamlit for data science : create interactive data apps in Python@mChinese
517 1  @a使用Python创建交互式数据应用@Ashi yong Python chuang jian jiao hu shi shu ju ying yong
606 0  @a程序语言@Acheng xu yu yan@x程序设计
610 0  @aPython
690    @aTP312PY@v5
701  1 @a理查德斯@Ali cha de si@g(Richards, Tyler)@4著
702  0 @a殷海英@Ayin hai ying@4译
702  0 @a刘志红@Aliu zhi hong@4译
702  0 @a黄继敏@Ahuang ji min@4译
801  0 @aCN@c20250909
905    @a河南城建学院图书馆@dTP312PY@eL354@f1
    
    Streamlit实战指南:使用Python创建交互式数据应用/(澳) 泰勒·理查德斯著/殷海英, 刘志红, 黄继敏译.-北京:电子工业出版社,2024.08
    XXI, 261页:图;24cm.-(人工智能与大数据系列)
    
    
    ISBN 978-7-121-48452-0:CNY148.00
    本书由一个富有创造力的Streamlit用户编写, 他在第一版发布后就一直使用该技术, 本选题建立在前一版的实用性基础上, 带来大量的更新, 包括将Streamlit连接到Snowflake数据仓库, 部署在HuggingFace上, 以及在GitHub上提供完全更新的代码库, 通过这些内容可以帮助读者练习新发布的技能。读者将从Streamlit的基础知识开始Streamlit的学习, 并通过使用机器学习模型和制作高质量的交互式应用程序逐渐熟悉Streamlit的使用技巧。本书通过实际示例帮读者掌握许多更具挑战性的主题, 如Streamlit组件、美化应用程序和快速部署。通过本书, 读者将能够轻松快速地在Streamlit中创建动态web应用程序。
●
相关链接 在E读中查询图书 在当当中查询图书 在豆瓣中查询图书


正题名:Streamlit实战指南     索取号:TP312PY/L354         预约/预借

序号 登录号 条形码 馆藏地/架位号 状态 备注
1 1627004   216270041   自科库301/301自科库 86排2列4层/ [索取号:TP312PY/L354] 在馆    
河南城建学院图书馆 欢迎您!
大连网信软件有限公司© 版权所有